5HLuxD.jpg

KING HENRY VIII SENIOR AND PRIMARY SCHOOL LIBRARY OPAC

The night diary / (Record no. 4974)

000 -LEADER
fixed length control field 00790cam a2200217 a 4500
008 - FIXED-LENGTH DATA ELEMENTS--GENERAL INFORMATION
fixed length control field 230530s2019 nyub j 000 1 eng d
010 ## - LIBRARY OF CONGRESS CONTROL NUMBER
LC control number 2021351477
020 ## - INTERNATIONAL STANDARD BOOK NUMBER
International Standard Book Number 9780735228528
Qualifying information (pbk.) :
Terms of availability US$8.99
020 ## - INTERNATIONAL STANDARD BOOK NUMBER
International Standard Book Number 0735228523
Qualifying information (pbk.) :
Terms of availability US$8.99
020 ## - INTERNATIONAL STANDARD BOOK NUMBER
International Standard Book Number 9780735228511
Qualifying information (hbk.)
020 ## - INTERNATIONAL STANDARD BOOK NUMBER
Canceled/invalid ISBN 9780735228535
Qualifying information (ebook)
050 #4 - LIBRARY OF CONGRESS CALL NUMBER
Classification number PZ7.H5977325
Item number Ni 2019b
082 00 - DEWEY DECIMAL CLASSIFICATION NUMBER
Classification number 813.6 HIR
Edition number 23
100 1# - MAIN ENTRY--PERSONAL NAME
Personal name Hiranandani, Veera,
Relator term author.
245 14 - TITLE STATEMENT
Title The night diary /
Statement of responsibility, etc. Veera Hiranandani.
260 ## - PUBLICATION, DISTRIBUTION, ETC.
Place of publication, distribution, etc. New York :
Name of publisher, distributor, etc. Puffin Books,
Date of publication, distribution, etc. 2019.
300 ## - PHYSICAL DESCRIPTION
Extent 264, [11] p. :
Other physical details maps ;
Dimensions 20 cm.
500 ## - GENERAL NOTE
General note First published in the United States of America by Dial Books for Young Readers, an imprint of Penguin Random House LLC, 2018.
500 ## - GENERAL NOTE
General note Includes discussion questions and recipe.
942 ## - ADDED ENTRY ELEMENTS (KOHA)
Source of classification or shelving scheme
Holdings
Withdrawn status Lost status Source of classification or shelving scheme Damaged status Not for loan Collection code Permanent Location Current Location Shelving location Date acquired Total Checkouts Full call number Barcode Date last seen Date last checked out Price effective from Koha item type Public note
          Fiction KH8 Primary School Library KH8 Primary School Library Fiction 2025-04-28 1 813.6 HIR KHPL000006928 2025-12-05 2025-10-29 2025-04-28 Books - Fiction KH8 PRIMARY LIBRARY

Powered By KH8 IT Dept